000 01466nam a2200289Ia 4500
999 _c53007
_d53007
001 20038
003 GE_BSU
005 20250326112407.0
008 181216s2011||||ge |||||||||||||| ||geo||
020 _a978-9941-19-088-9 ო-52
040 _cGE_BSU
041 _ageo
080 _a821.353.1-391+ 910.4(4) ო-52
100 _aორბელიანი, სულხან-საბა (1658-1725)
_924680
245 _aსიბრძნე სიცრუისა ; მოგზაურობა ევროპაში /
_cსულხან-საბა ორბელიანი ; [სარედ. ჯგუფი : ზურაბ აბაშიძე, მანანა ჯანელიძე, ირმა ხარშილაძე].
264 _aთბილისი :
_bპალიტრა L,
_c2011.
300 _a320 გვ. ;
_c20 სმ.
490 _aქართული პროზის საგანძური, 1987-8850 ;
_vტ. 55
541 _h12 ლ.
653 _aპროზა
653 _aსიბრძნე სიცრუისა
653 _aმოგზაურობა ევროპაში
700 _aაბაშიძე, ზურაბ
_eრედაქტორი
_91322
700 _aჯანელიძე, მანანა
_eრედაქტორი
_91323
700 _aხარშილაძე, ირმა
_eრედატორი
_924681
942 _cBK
_2udc